|
|
|
|
| LEADER |
00738nam a2200217Ia 4500 |
| 001 |
TDMU_3864 |
| 008 |
210410s9999 xx 000 0 und d |
| 082 |
|
|
|a 657
|
| 090 |
|
|
|b B510
|
| 100 |
|
|
|a Bùi, Văn Dương
|
| 245 |
|
0 |
|a Giáo trình kế toán tài chính
|
| 245 |
|
0 |
|b Phần 3 - 4
|
| 245 |
|
0 |
|c Bùi Văn Dương, Nguyễn Thị Kim Cúc, Hà Xuân Thạch [và nh.ng.kh.]
|
| 260 |
|
|
|a H.
|
| 260 |
|
|
|b Lao động
|
| 260 |
|
|
|c 2009
|
| 300 |
|
|
|a 342tr.
|
| 650 |
|
|
|a Kế toán tài chính
|v Giáo trình
|
| 700 |
|
|
|a Nguyễn,Thị Kim Cúc
|
| 856 |
|
|
|u http://lrc.tdmu.edu.vn/opac/search/detail.asp?aID=2&ID=3864
|
| 980 |
|
|
|a Trung tâm Học liệu Trường Đại học Thủ Dầu Một
|